000 00295nam a22001337a 4500
008 170925b xxu||||| |||| 00| 0 eng d
020 _a070100233
041 _aeng
080 _a37
100 _a46
101 _aEDU
245 _aBREAKING THE ACCESS BARRIERS
_cMEDSKER,L.L
942 _2udc
_cBK
999 _c29633
_d29633